00882 2200229 4500001002100000005001700021008004100038035002500079040001200104082001400116084001900130100002700149245021600176260004700392300003000439500008200469504002800551650001900579700002400598850001200622990001800634INLIS00000000001009920150813144810.0  a0010-081500000001537 aYOPDYOG 223a614.5 aSK 614.5 Hus H aHUSNUL Khatimah Kelrey aHubungan kunjungan jumantik dengan partisipasi masyarakat dalam pemberantasan sarang nyamuk demam berdarah dengue (PSN DBD) di Kelurahan Warungboto Umbulharjo Kota Yogyakarta tahun 2007c/ Husnul Khatimah Kelrey aYogyakartabUniversitas Ahmad Dahlanc2007 axv, 63 lembarc; 29,5 cm. aSkripsi Program Studi Ilmu Kesehatan Masyarakat Fakultas Kesehatan Masyarakat aBibliografi: hlm. 59-63 aDemam berdarah aTRISNO Agung Wibowo aYOPDYOG a48130-PD/A.15